| 000 | 00802cam a2200265 4500 | ||
|---|---|---|---|
| 001 | ABS65976 | ||
| 008 | 021002n2002 000 0 eng u | ||
| 035 | _a(Sirsi) u119968 | ||
| 100 | _aMadine, V | ||
| 245 | 4 | _aThe top 200 | |
| 260 | _c2002 | ||
| 490 |
_aBuilding _v267(8252) 27 September 2002, 38-61(20) |
||
| 520 | _aLatest annual league tables cover the top 200 consultants and the top 100 architects, engineers, surveyors, quantity surveyors and building surveyors. | ||
| 590 | _aABS | ||
| 650 | _aCONSULTANTS | ||
| 650 | _aARCHITECTS | ||
| 650 | _aENGINEERS | ||
| 650 | _aBUILDING SURVEYORS | ||
| 650 | _aSURVEYORS | ||
| 650 | _aRANKINGS | ||
| 650 | _aQUANTITY SURVEYORS | ||
| 690 | _aMANAGEMENT-BUSINESS MANAGEMENT-PROFESSIONAL PRACTICE | ||
| 700 | _aHewes, M | ||
| 942 | _n0 | ||
| 999 |
_c71287 _d71287 |
||